000 01340cam a22002054a 4500
005 20250605163933.0
008 250528s ||||||||||||||||||||||||d
035 _a14759
020 _a1857285425
040 _aGR-AtMCL
_bgre
_dGR-AtMCL
_eAACR2
245 1 _aSurveys in Social Research / 4th Edition
250 _a4th
260 _bRouledge,
_c2001
300 _a412
520 _aThis book assumes no background in statistical analysis, and gives readers the tools they need to come to grips with this often confusing field of work. Preface, The Scope of Survey Research, The Nature of Surveys, Theory and Social Research, Formulating and Clarifying Research Questions, Collecting Data, Developing Indicators for Concepts, Finding a Sample, Constructing Questionnaires, Administering Questionnaires, Analyzing Data, Overview of Analysis, Bivariate Analysis: Crosstabulations, Bivariate Analysis: Alternative Methods, Elaborating Bivariate Relationships, Multivariate Analysis, The Process of Analysis, Coding, Building Scales, Initial Analysis, Moving Beyond Initial Analysis, Putting It Into Practice: A Research Example, Ethics in Survey Research, The Potential of Surveys, Areas of the Normal Curve, Exercises, Glossary, Bibliography, Index.
700 1 _aDe Vaus D.A
_9451
942 _cBK
999 _c379
_d379